000 00464nam a2200157Ia 4500
008 151213s9999 xx 000 0 und d
020 _a0-87207-513-3
100 _aShelley Peterson
245 _aUnderstanding Same Knots ink-8 Writing Instruction
_cShelley Peterson
260 _aNew York
_bInternational Reading Association
_c2003
300 _a6484 p.
650 _aEnglish Language
650 _aEnglish Language
700 _aShelley Peterson
999 _c3575
_d3575